សត្វតាវ៉ៅ : (Record no. 8551)

MARC details
000 -LEADER
fixed length control field 01996nam a22003137a 4500
001 - CONTROL NUMBER
control field 8551
003 - CONTROL NUMBER IDENTIFIER
control field FISKH
005 - DATE AND TIME OF LATEST TRANSACTION
control field 20251128101504.0
008 - FIXED-LENGTH DATA ELEMENTS--GENERAL INFORMATION
fixed length control field 250929b cb ||||| |||| 00| 0 eng d
020 ## - INTERNATIONAL STANDARD BOOK NUMBER
International Standard Book Number 9789995084813
040 ## - CATALOGING SOURCE
Original cataloging agency FISKH
Language of cataloging khr
Transcribing agency FISKH
Modifying agency FISKH
050 ## - LIBRARY OF CONGRESS CALL NUMBER
Classification number PZ7
082 ## - DEWEY DECIMAL CLASSIFICATION NUMBER
Classification number 590
100 ## - MAIN ENTRY--PERSONAL NAME
Personal name Sotheary, Kimsun
245 ## - TITLE STATEMENT
Title សត្វតាវ៉ៅ :
Remainder of title Cuckoo /
Statement of responsibility, etc. និពន្ធដោយ អ្នកស្រី គឹមស៊ុន សុធារី , ពិនិត្យនិងកែអក្ខរាវិរុទ្ធដោយ លោក វ៉ាន់ សុភ័ក្រ្ត និង កញ្ញា ហេង​ ចរិយា
260 ## - PUBLICATION, DISTRIBUTION, ETC.
Place of publication, distribution, etc. Phnom Penh :
Name of publisher, distributor, etc. Reading Books ,
Date of publication, distribution, etc. 2006 .
300 ## - PHYSICAL DESCRIPTION
Extent 24 pages :
Other physical details color illustrations ;
Dimensions 25 cm .
490 ## - SERIES STATEMENT
Series statement ពិភពរឿងនិទាន
505 ## - FORMATTED CONTENTS NOTE
Formatted contents note K <br/>
520 ## - SUMMARY, ETC.
Summary, etc. មានបងប្អូនកំព្រាពីរនាក់ ដែលបងប្រុសជីកដំឡូងផ្អែមដើម្បីជីវភាព។ មួយថ្ងៃ បងប្រុសទៅជីកដំឡូងហើយក៏បានធ្លាក់រណ្តៅស្លាប់។ ប្អូនស្រីតូចបានស្វែងរកបងពីព្រៃមួយទៅព្រៃមួយ រហូតនាងស្លាប់ ហើយបានកើតជាសត្វតាវ៉ៅ ។
520 ## - SUMMARY, ETC.
Summary, etc. There were two orphan sibling, where the brother dig up sweet potatoes for living. One day, the brother fell in the ground and died; his little sister kept searching for him from woods to woods and passed away and was reborn as a cockoo.<br/>.
521 8# - TARGET AUDIENCE NOTE
Target audience note 510​<br/>
Source Lexile estimate <br/>
521 8# - TARGET AUDIENCE NOTE
Target audience note K <br/>
Source Raz-Plus <br/>
650 ## - SUBJECT ADDED ENTRY--TOPICAL TERM
Topical term or geographic name entry element សត្វតាវ៉ៅ
Form subdivision រឿងនិទានកុមារ
650 ## - SUBJECT ADDED ENTRY--TOPICAL TERM
Topical term or geographic name entry element Cuckoo
Form subdivision Children's stories
700 ## - ADDED ENTRY--PERSONAL NAME
Personal name Lyda, Moeuk
Relator term Illustrator
942 ## - ADDED ENTRY ELEMENTS (KOHA)
Source of classification or shelving scheme Dewey Decimal Classification
Koha item type Khmer Books
Suppress in OPAC No
Holdings
Withdrawn status Lost status Source of classification or shelving scheme Damaged status Not for loan Collection Home library Current library Shelving location Date acquired Total Checkouts Full call number Barcode Date last seen Copy number Price effective from Koha item type Total Renewals Date last checked out
    Dewey Decimal Classification     Khmer-English Bilingual / ភាសាខ្មែរ-អង់គ្លេស Footprints International School Library Network Toul Tom Poung Campus Footprints International School Library Network Toul Kork Campus TTP Primary Khmer Bookshelves 10/09/2025 1 SOT PZ7 590 FISBK03869 12/01/2025 2 10/09/2025 Khmer Books 1 11/10/2025
    Dewey Decimal Classification     Khmer-English Bilingual / ភាសាខ្មែរ-អង់គ្លេស Footprints International School Library Network Toul Tom Poung Campus Footprints International School Library Network Toul Tom Poung Campus TTP Primary Khmer Bookshelves 09/29/2025   SOT PZ7 590 FIS04054 09/29/2025 1 09/29/2025 Khmer Books    
    Dewey Decimal Classification     Khmer-English Bilingual / ភាសាខ្មែរ-អង់គ្លេស Footprints International School Library Network Toul Tom Poung Campus Footprints International School Library Network Toul Tom Poung Campus TTP Primary Khmer Bookshelves 09/29/2025   SOT PZ7 590 FIS04065 11/28/2025 3 09/29/2025 Khmer Books